|
|
|
|
| LEADER |
00000nam0a2200000 4500 |
| 001 |
73356 |
| 005 |
20231031084326.0 |
| 010 |
|
|
|a 5699071113
|
| 035 |
|
|
|a (RuTPU)RU\TPU\book\78281
|
| 090 |
|
|
|a 73356
|
| 100 |
|
|
|a 20050215d2004 m y0rusy50 ca
|
| 101 |
0 |
|
|a rus
|
| 102 |
|
|
|a RU
|
| 105 |
|
|
|a y z 000ay
|
| 200 |
1 |
|
|a Виртуальный муж. Японская молитва
|e Повести
|f А. В. Данилова
|
| 210 |
|
|
|a Москва
|c Эксмо
|d 2004
|
| 215 |
|
|
|a 381 с.
|
| 225 |
1 |
|
|a Леди-детектив
|
| 333 |
|
|
|a Исключено из фонда НТБ ТПУ
|
| 700 |
|
1 |
|a Данилова
|b А. В.
|g Анна Васильевна
|
| 801 |
|
1 |
|a RU
|b 63413507
|c 20050215
|g PSBO
|
| 801 |
|
2 |
|a RU
|b 63413507
|c 20220602
|g PSBO
|
| 942 |
|
|
|c BK
|